| 000 | 00824nam a2200205 i 4500 | ||
|---|---|---|---|
| 001 | 189986 | ||
| 003 | ES-MaACL | ||
| 005 | 20230906223617.0 | ||
| 008 | 200303s1969 sp |||| | spa d | ||
| 080 | _a341.24 | ||
| 100 | 1 |
_aCasanovas y La Rosa, Oriol. _936133 |
|
| 245 | 1 | 4 |
_aLas formas simplificadas de conclusión de acuerdos internacionales / _cpor Oriol Casanovas La Rosa. |
| 260 |
_aBarcelona : _b[Universidad, Facultad de Derecho], _c1969. |
||
| 300 |
_a18 p. ; _c24 cm. |
||
| 502 | _aTesis-Univ. Barcelona (Extracto) | ||
| 594 | _aPrecede al tít.: Universidad de Barcelona. Secretariado de Publicaciones, Intercambio Científico y Extensión Universitaria. | ||
| 650 | 4 |
_aTratados internacionales. _9136948 |
|
| 710 | 2 |
_aUniversidad de Barcelona. _bFacultad de Derecho. _97147 |
|
| 852 | 4 |
_aES-MaACL _jP-1414-6 |
|
| 999 |
_c189986 _d189986 |
||